Autobahn A1-A9 - Statistiken

Allgemein
  • Dieses Quiz wurde 219 mal gespielt
  • Das Durchschnittsergebnis liegt bei 35 aus 55
Antwortstatistiken
Autobahn Antwort % Korrekt
A1 Köln
91%
A3 Köln
90%
A1 Hamburg
89%
A7 Hamburg
86%
A4 Köln
86%
A1 Bremen
85%
A1 Dortmund
85%
A2 Hannover
83%
A3 Frankfurt
82%
A7 Hannover
82%
A2 Dortmund
81%
A9 München
81%
A5 Frankfurt
79%
A8 München
78%
A6 Nürnberg
75%
A3 Nürnberg
74%
A8 Stuttgart
74%
A3 Düsseldorf
73%
A9 Nürnberg
72%
A1 Saarbrücken
66%
A6 Saarbrücken
66%
A8 Augsburg
65%
A9 Leipzig
65%
A4 Dresden
64%
A2 Magdeburg
62%
A1 Osnabrück
62%
A4 Aachen
61%
A1 Münster
60%
A7 Würzburg
60%
A1 Lübeck
59%
A3 Duisburg
58%
A7 Flensburg
58%
A5 Karlsruhe
58%
A7 Kassel
58%
A2 Bielefeld
57%
A4 Erfurt
57%
A8 Karlsruhe
57%
A6 Mannheim
57%
A2 Braunschweig
56%
A3 Würzburg
56%
A5 Freiburg
53%
A9 Ingolstadt
53%
A9 Potsdam
52%
A3 Wiesbaden
51%
A5 Darmstadt
48%
A2 Gelsenkirchen
48%
A5 Heidelberg
47%
A3 Passau
47%
A1 Trier
47%
A3 Oberhausen
46%
A4 Chemnitz
44%
A2 Oberhausen
42%
A6 Kaiserslautern
38%
A9 Hof
32%
A3 (Außland) Luxemburg
10%
Keine übereinstimmenden Quizze gefunden
Verteilung der Resultate
Anzahl Personen mit jedem Resultat
Perzentil nach korrekt beantworteten Fragen
Ihre Resultats-Entwicklung
Sie haben dieses Quiz noch nicht gespielt